| 000 | 01821nam a2200289 a 4500 | ||
|---|---|---|---|
| 003 | MX-MxUPN | ||
| 005 | 20220810124946.0 | ||
| 008 | 191122s2014 sp rb 100 0 spa d | ||
| 020 | _a9788499805306 | ||
| 035 | _aUPN01000234161 | ||
| 040 |
_aMX-MxUPN _bspa _cMX-MxUPN |
||
| 041 | 0 | _aspa | |
| 050 | 4 |
_aLB2343.3 _bC6.66 |
|
| 111 | 2 |
_aCongreso Internacional Conocimiento, Tecnologías y Enseñanza : Políticas y Prácticas Universitarias _n(1o : _d2013 : _cSantiago de Compostela) |
|
| 245 | 1 | 0 |
_aConocimiento, tecnologías y enseñanza : _bpolíticas y prácticas universitarias / _ccoord. Adriana Gewerc. |
| 250 | _aPrimera edición. | ||
| 260 |
_aBarcelona : _bGraó, _c2014. |
||
| 300 | _a127 páginas | ||
| 490 | 0 |
_aCrítica y fundamentos ; _v44 |
|
| 504 | _aIncluye referencias bibliográficas. | ||
| 505 | 0 |
_tDisciplinas, competencias y la universidad / _rJohan Muller, Michael Young -- _tReformas neoliberales y misiones universitarias latinoamericanas : del entrenamiento profesional al entretenimiento virtual / _rMarcela Mollis -- _tConvivir con los cambios. Ser profesor y profesora en la universidad en tiempos convulsos / _rLourdes Montero -- _tTransmisión universitaria y experiencias de conocimiento en la universidad pública. Culturas institucionales, perspectivas generacionales y desafíos contemporáneos / _rSandra Carli -- _tStudent as producer : una provocación acerca del significado y el propósito de la educación superior / _rMike Neary -- _tMás allá de la desagregación y el elitismo : ¿un nuevo futuro para la universidad popular autónoma? / _rKeri Facer. |
|
| 650 | 4 |
_aUniversidades y colegios _vCongresos _945650 |
|
| 650 | 4 |
_aEducación superior y Estado _zMéxico _vCongresos _917486 |
|
| 700 | 1 |
_aGewerc Barujel, Adriana _ecoord. _943539 |
|
| 905 | _aLibro | ||
| 999 |
_c206256 _d206256 |
||